000 00868nam2a22002651 4500
001 RU\NLR\INFOCOMM10\1000237661
005 20040424175702.0
035 _a(NLR Aleph) 002523252
090 _a2782729
_c2782729
100 _a20040424d1982 |||y0rusy50 ca
101 0 _arus
102 _aRU
105 _ay |||||||||
200 1 _aСистема оценки прочностных свойств мебели
_fА.В. Сухова, В. Сахновская
210 _d1982
461 0 _1001RU\NLR\INFOCOMM10\1000237624
_12001#$aМебель$v1982, Вып.6
_92782413
_cМ.
_d1979-
_tМебель
_v1982, Вып.6
700 1 _aСухова
_bА. В.
_4070
701 1 _aСахновская
_bВ.
_4070
801 0 _aRU
_bNLR
_gPSBO
801 1 _aRU
_bInfoComm
_c20040424
852 _aNLR
_jП10/5593
942 _cISSUE
980 _aNB
980 _aRUSPER